| 000 | 00629nam a2200229 a 4500 | ||
|---|---|---|---|
| 999 |
_c5901 _d5901 |
||
| 001 | 5901 | ||
| 003 | BD-JhCC | ||
| 005 | 20171231191752.0 | ||
| 008 | 171230s p a|||| || | 000 0 eng d | ||
| 035 | _a(BD-JhCC)5901 | ||
| 040 |
_aBD-JhCC _dBD-JhCC |
||
| 041 | _aeng | ||
| 082 |
_a621.384 _bRAD |
||
| 245 |
_aRadio Sets AN/VRC-8, AN/VRC-9 and AN/VRC-10 / _cDepartment of the Army |
||
| 260 |
_aLahore : _bRadio & General Appliances Ltd, |
||
| 300 |
_a104 p. : _c25 cm. |
||
| 650 | _aRadio (electrics) | ||
| 650 |
_aRadio _vTransmitter _xreceivers |
||
| 710 | _aDepartment of the Army | ||
| 942 |
_2ddc _cBK |
||